The noble scholar, jurist, historian


 His Excellency Dr. Abdul Wahhab bin Ibrahim Abu Sulaiman, may Allah have mercy on him.


 He was born in Umm Al-Qura in the year 1356 AH.

أحكام السوق المالية / (Record no. 13618)

MARC details
000 -LEADER
fixed length control field 01672caa a2200301 ib4500
003 - CONTROL NUMBER IDENTIFIER
control field SA-RiAUC
005 - DATE AND TIME OF LATEST TRANSACTION
control field 20251221135858.0
008 - FIXED-LENGTH DATA ELEMENTS--GENERAL INFORMATION
fixed length control field 251202s1989 su g i|00f0 ara c
040 ## - CATALOGING SOURCE
Original cataloging agency SA-JeALM
Language of cataloging ara
Transcribing agency SA-RiAUC
Description conventions rda
082 04 - DEWEY DECIMAL CLASSIFICATION NUMBER
Classification number 253.2
090 ## - LOCALLY ASSIGNED LC-TYPE CALL NUMBER (OCLC); LOCAL CALL NUMBER (RLIN)
Classification number (OCLC) (R) ; Classification number, CALL (RLIN) (NR) 253.2
Local cutter number (OCLC) ; Book number/undivided call number, CALL (RLIN) ش ر ي
100 1# - MAIN ENTRY--PERSONAL NAME
Personal name الشريف، محمد عبد الغفار،
Dates associated with a name 1953-
Relator term مؤلف.
245 10 - TITLE STATEMENT
Title أحكام السوق المالية /
Statement of responsibility, etc. محمد عبد الغفار الشريف.
300 ## - PHYSICAL DESCRIPTION
Extent ترقيم متسلسل؛
Dimensions 24 سم.
336 ## - CONTENT TYPE
Content type term نص
Content type code txt
Source rdacontent
Materials specified مقالة
337 ## - MEDIA TYPE
Media type term بدون وسيط
Media type code n
Source rdamedia
338 ## - CARRIER TYPE
Carrier type term مجلد
Carrier type code nc
Source rdacarrier
362 ## - DATES OF PUBLICATION AND/OR SEQUENTIAL DESIGNATION
Dates of publication and/or sequential designation عدد 12، جزء 8 (1412 هجري [1992])
580 ## - LINKING ENTRY COMPLEXITY NOTE
Linking entry complexity note في : مجلة مجمع الفقه الإسلامي.
580 ## - LINKING ENTRY COMPLEXITY NOTE
Linking entry complexity note في مؤتمر : مجمع الفقه الإسلامي.
650 #7 - SUBJECT ADDED ENTRY--TOPICAL TERM
Topical term or geographic name entry element البورصات (فقه إسلامي)
Form subdivision مقالات ومحاضرات
Source of heading or term aucsh
650 #7 - SUBJECT ADDED ENTRY--TOPICAL TERM
Topical term or geographic name entry element المعاملات (فقه إسلامي)
Form subdivision مقالات ومحاضرات
Source of heading or term aucsh
710 2# - ADDED ENTRY--CORPORATE NAME
Corporate name or jurisdiction name as entry element منظمة المؤتمر الإسلامي (جدة، السعودية).
Subordinate unit مجمع الفقه الإسلامي الدولي.
-- دورة
Number of part/section/meeting (6 :
Date of meeting or treaty signing 1410 هجري :
Location of meeting جدة، السعودية)
773 0# - HOST ITEM ENTRY
Main entry heading منظمة المؤتمر الإسلامي (جدة، السعودية). مجمع الفقه الإسلامي الدولي. دورة (6 : 1410 هجري : جدة، السعودية)
Title مجمع الفقه الإسلامي : الدورة السادسة.
773 0# - HOST ITEM ENTRY
Related parts عدد 12، جزء 8 (1412 هجري [1992])
Title مجلة مجمع الفقه الإسلامي
942 ## - ADDED ENTRY ELEMENTS (KOHA)
Source of classification or shelving scheme Dewey Decimal Classification
Koha item type Books
Suppress in OPAC No
949 ## - LOCAL PROCESSING INFORMATION (OCLC)
a SA-JeALM
d 251202
u mohamedma123
n 1
Holdings
Withdrawn status Lost status Source of classification or shelving scheme Damaged status Not for loan Home library Current library Date acquired Total checkouts Full call number Barcode Date last seen Price effective from Koha item type
    Dewey Decimal Classification     DR AbdElwahab Library DR AbdElwahab Library 12/21/2025   253.2 ش ر ي 000021843 12/21/2025 12/21/2025 Books